| 000 | 00680nam a2200217 i 4500 | ||
|---|---|---|---|
| 001 | 60880 | ||
| 003 | ES-MaACL | ||
| 005 | 20250809032357.0 | ||
| 007 | t| | ||
| 008 | 031107s1973 sp ||||1| spa d | ||
| 245 | 0 | 0 |
_aEstructuralismo y Derecho / _cAntonio Hernández Gil...[et al.]. |
| 260 |
_a[Madrid] : _bAlianza, _c[1973] |
||
| 300 |
_a241 p. ; _c20 cm. |
||
| 490 | 1 |
_aAlianza universidad ; _v58 |
|
| 650 | 7 |
_aDerecho- _xMetodología _2 _9168474 |
|
| 650 | 0 | 4 |
_aEstructuralismo. _912567 |
| 700 | 1 |
_aHernández Gil, Antonio, _d1915-1994 _962943 |
|
| 830 | 0 |
_aAlianza universidad ; _v58 _9177276 |
|
| 852 |
_aES-MaACL _jC-54926 _bR.87598 |
||
| 999 |
_c60880 _d60880 |
||